Διοίκηση Ανθρώπινου Δυναμικού στις Σύγχρονες Οργανώσεις / Νέες Τάσεις και Πρακτικές (Record no. 6444)
[ view plain ]
| 000 -LEADER | |
|---|---|
| fixed length control field | 02064cam a22002054a 4500 |
| 005 - ΗΜΕΡΟΜΗΝΙΑ ΚΑΙ ΩΡΑ ΤΕΛΕΥΤΑΙΑΣ ΕΝΗΜΕΡΩΣΗΣ | |
| Πεδίο ελέγχου | 20250605163535.0 |
| 008 - FIXED-LENGTH DATA ELEMENTS--GENERAL INFORMATION | |
| Πεδίο ελέγχου σταθερού μήκους | 250528s ||||||||||||||||||||||||d |
| 035 ## - SYSTEM CONTROL NUMBER | |
| System control number | 21381 |
| 020 ## - ISBN | |
| ISBN | 9789602185766 |
| 040 ## - ΠΗΓΗ ΚΑΤΑΛΟΓΟΓΡΑΦΗΣΗΣ | |
| Φορέας πρωτότυπης καταλογογράφησης | MC Athens Campus Library |
| Γλώσσα καταλογογράφησης | Ελληνικά, Μοντέρνα (1453-) |
| Modifying agency | MC Athens Campus Library |
| Κανόνες περιγραφικής καταλογογράφησης | AACR2 |
| 245 1# - ΤΙΤΛΟΣ ΚΑΙ ΔΗΛΩΣΗ ΥΠΕΥΘΥΝΟΤΗΤΑΣ | |
| Τίτλος | Διοίκηση Ανθρώπινου Δυναμικού στις Σύγχρονες Οργανώσεις / Νέες Τάσεις και Πρακτικές |
| 250 ## - EDITION STATEMENT | |
| Edition statement | 1η |
| 260 ## - PUBLICATION, DISTRIBUTION, ETC. | |
| Name of publisher, distributor, etc. | Κριτική - Επιστημονική Βιβλιοθήκη, |
| Date of publication, distribution, etc. | 2008 |
| 300 ## - PHYSICAL DESCRIPTION | |
| Extent | 308 |
| 520 ## - SUMMARY, ETC. | |
| Summary, etc. | Το βιβλίο αυτό φιλοδοξεί να αποτελέσει μια πυξίδα στην πορεία που ακολουθεί η Διοίκηση Ανθρώπινου Δυναμικού τον 21ο Αιώνα. Πρόλογος, Ευχαριστίες, Επιχειρήσεις και Εργαζόμενοι και Κοινωνία, Οι Επιχειρήσεις ως Κοινωνικοί Θεσμοί στη Σύγχρονη Εποχή, Ιστορική Εξελιξη του Ρόλου των Εργαζομένων στις Επιχειρήσεις, Ιστορική Ανασκόπηση του Ρόλου της Διοίκησης Ανθρώπινου Δυναμικού, Το Διανοητικό Κεφάλαιο των Οργανισμών, Προσέλκυση και Διαχείριση Ταλέντων, Το Συναισθηματικό Κεφάλαιο των Οργανισμών, Ο Ρόλος των Συναισθημάτων στην Εργασιακή Ζωή, Το Εργασιακό Στρες και το Σύνδρομο Ψυχοσωματικής Εξουθένωσης, Η Βία στον Εργασιακό Χώρο, Το Κοινωνικό Κεφάλαιο των Οργανισμών, Η Οργανωσιακή Κουλτούρα, Η Σκοτεινή Πλευρά του Κοινωνικού Κεφαλαίου, Επίλογος, Βιβλιογραφία. |
| 700 1# - ΠΡΟΣΘΕΤΗ ΑΝΑΓΡΑΦΗ--ΦΥΣΙΚΟ ΠΡΟΣΩΠΟ | |
| Personal name | Ιορδάνογλου Δήμητρα |
| 942 ## - ADDED ENTRY ELEMENTS (KOHA) | |
| Koha item type | Books |
| Τύπος τεκμηρίου | Βιβλιοθήκη | Τρέχουσα τοποθεσία | Barcode | Αριθμός εισαγωγής | Ημερομηνία απόκτησης | Ταξιθετικό σύμβολο | Αριθμός αντιτύπου | Κατάσταση απόσυρσης | Κατάσταση χαμένου | Κατάσταση κατεστραμμένου | Μη δανεισμός | Σύνολο δανεισμών | Ημερομηνία τελευταίας εμφάνισης | Χρονολογία τελευταίου δανεισμού | Η τιμή ισχύει από |
|---|---|---|---|---|---|---|---|---|---|---|---|---|---|---|---|
| Books | MC Athens Campus Library | MC Athens Campus Library | 9780000064431 | 5743 | 05/06/2025 | 658.3 IOR | 2 | 1 | 01/12/2025 | 05/11/2025 | 05/06/2025 |